|
|
|
|
| LEADER |
01939nam a2200493 a 4500 |
| 001 |
EBC408254 |
| 003 |
MiAaPQ |
| 005 |
20200520144314.0 |
| 006 |
m o d | |
| 007 |
cr cn||||||||| |
| 008 |
040706s2005 ilua sb 001 0 eng |
| 010 |
|
|
|z 2004055330
|
| 020 |
|
|
|z 0226261573 (alk. paper)
|
| 020 |
|
|
|z 9780226261584
|
| 020 |
|
|
|z 9780226261812
|
| 020 |
|
|
|z 9780226261577 (cloth)
|
| 020 |
|
|
|z 0226261581 (paper)
|
| 035 |
|
|
|a (MiAaPQ)EBC408254
|
| 035 |
|
|
|a (Au-PeEL)EBL408254
|
| 035 |
|
|
|a (CaPaEBR)ebr10209969
|
| 035 |
|
|
|a (CaONFJC)MIL112565
|
| 035 |
|
|
|a (OCoLC)476228235
|
| 040 |
|
|
|a MiAaPQ
|c MiAaPQ
|d MiAaPQ
|
| 050 |
|
4 |
|a HD5706
|b .E475 2005
|
| 082 |
0 |
4 |
|a 331
|2 22
|
| 245 |
0 |
0 |
|a Emerging labor market institutions for the twenty-first century
|h [electronic resource] /
|c edited by Richard B. Freeman, Joni Hersch, and Lawrence Mishel.
|
| 260 |
|
|
|a Chicago :
|b Univeristy of Chicago Press,
|c 2005.
|
| 300 |
|
|
|a ix, 327 p. :
|b ill.
|
| 490 |
1 |
|
|a National Bureau of Economic Research conference report
|
| 504 |
|
|
|a Includes bibliographical references and indexes.
|
| 505 |
0 |
|
|a 1. Studies of nonworker organizations -- 2. Studies of membership-based initiatives -- 3. New union opportunities and initiatives.
|
| 533 |
|
|
|a Electronic reproduction. Ann Arbor, MI : ProQuest, 2015. Available via World Wide Web. Access may be limited to ProQuest affiliated libraries.
|
| 650 |
|
0 |
|a Labor market.
|
| 650 |
|
0 |
|a Labor unions.
|
| 650 |
|
0 |
|a Industrial relations.
|
| 650 |
|
0 |
|a White collar workers.
|
| 650 |
|
0 |
|a Work environment.
|
| 655 |
|
4 |
|a Electronic books.
|
| 700 |
1 |
|
|a Freeman, Richard B.
|q (Richard Barry),
|d 1943-
|
| 700 |
1 |
|
|a Hersch, Joni,
|d 1956-
|
| 700 |
1 |
|
|a Mishel, Lawrence R.
|
| 710 |
2 |
|
|a ProQuest (Firm)
|
| 830 |
|
0 |
|a National Bureau of Economic Research conference report.
|
| 856 |
4 |
0 |
|u https://ebookcentral.proquest.com/lib/matrademy/detail.action?docID=408254
|z Click to View
|